000 00401 a2200145 4500
001 169623
020 _a
040 _cMagnum
100 _aPagnoncelli, Dernizo
240 1 0 _aTerceirizacao e parceirizacao: estrategias para o sucesso empresarial
_lpor
245 1 0 _aTerceirizacao e parceirizacao: estrategias para o sucesso empresarial
362 0 _a1899
697 _aADMINISTRACAO
942 _cBK
999 _c169623
_d169623